| 000 | 00907nas a2200313 4500 | ||
|---|---|---|---|
| 001 | BR9701344 | ||
| 003 | BR-BrBNA | ||
| 005 | 20231205100030.0 | ||
| 007 | ta | ||
| 008 | 230509b bl.|||p| |||| 00| 00por d | ||
| 040 |
_aBR-BrBNA _bpor _cBiblioteca Nacional de Agricultura |
||
| 041 | _a(Pt) | ||
| 072 | _aL40 | ||
| 100 | 1 | _aSilva, F.O.C. e | |
| 100 | 1 | _aSeverino, R.S. | |
| 100 | 1 | _aSantos, A.L.Q. | |
| 100 | 1 | _aDrummond, S.S. | |
| 100 | 1 | _aSilva Junior, W. | |
| 100 | 1 | _aBombonato, P.P. | |
| 100 | 1 | _aSantana, M.I.S. | |
| 100 | 1 | _aCamilo, V. | |
| 245 | 1 | _aOrigem e distribuicao da arteria celiaca em aves (matrizes de corte da linhagem Hubbard) | |
| 650 | _aFrango de Corte | ||
| 650 | _aArteria | ||
| 650 | _aRaca | ||
| 773 | 0 |
_tVeterinaria Noticias (Brazil) _xISSN 0104-3463 _g(1996), v. 2(1) p. 17-24 _wBR9701344 |
|
| 909 |
_a202311 _bLúcia _c55 _dLúcia Elande |
||
| 942 |
_2AGRIS _n0 _cANA |
||
| 999 |
_c154015 _d154015 |
||